Les 50 plus grandes mers du monde - Statistiques

Statistiques générales
  • Ce quiz a été pris 72 fois
  • Le résultat moyen est 13 sur 50
Statistiques - réponses
Hint Réponse % Correct
33 Mer Noire
89%
5 Mer Méditerranée
87%
30 Mer Rouge
80%
35 Mer Caspienne
74%
29 Mer du Nord
72%
41 Mer Adriatique
64%
9 Mer des Caraïbes
61%
32 Mer Baltique
59%
34 Mer Jaune
56%
50 Mer Morte
54%
39 Mer Egée
52%
16 Mer du Japon
51%
43 Mer Blanche
38%
14 Mer de Norvège
38%
2 Mer d'Arabie
31%
8 Mer de Béring
30%
49 Mer d'Aral
26%
7 Mer de Tasman
26%
1 Mer des Philippines
25%
4 Mer des Sargasses
25%
11 Mer de Barents
23%
42 Mer d'Irlande
21%
48 Mer d'Azov
20%
13 Mer du Groenland
20%
20 Mer de Kara
15%
47 Mer de Bismarck
11%
31 Mer de Beaufort
10%
37 Mer de Java
10%
18 Mer de Sibérie Oriental
10%
10 Mer d'Okhotsk
10%
25 Mer de Banda
8%
45 Mer de Botnie
8%
27 Mer de Timor
8%
28 Mer des Tchouktches
7%
24 Mer d'Arafura
5%
46 Mer de Bali
5%
26 Mer des Laptev
5%
23 Mer des Salomon
5%
15 Mer de Bellingshausen
3%
38 Mer de Célèbes
3%
40 Mer de Florès
3%
19 Mer de Scotia
3%
22 Mer d'Adaman
2%
21 Mer de Bohai
2%
17 Mer de Ross
2%
44 Mer d'Halmahera
2%
3 Mer de Chine Méridional Mer de Chine
0%
12 Mer de Chine oriental Mer de Chine
0%
36 Mer de Sulu Mer de Jolo
0%
6 Mer de Weddell
0%
Aucun quiz correspondant
Distribution des résultats
% des personnes avec chaque résultat
Percentile par nombre de réponses
Votre historique - résultats
Vous n’avez pas pris ce quiz